Les 10 villes de France les plus peuplées commençant par W - Statistiques

Statistiques générales
  • Ce quiz a été pris 23 fois
  • Le résultat moyen est 2 sur 10
Statistiques - réponses
# Ville Population % Correct
1 Wattrelos 40.881
74%
2 Wasquehal 20.674
52%
3 Wattignies 15.756
43%
6 Wambrechies 10.984
22%
5 Woippy 14.394
22%
8 Wingles 8.734
9%
10 Wavrin 7.777
4%
4 Wittenheim 15.491
4%
9 Wintzenheim 8.045
0%
7 Wittelsheim 10.364
0%
Aucun quiz correspondant
Distribution des résultats
% des personnes avec chaque résultat
Percentile par nombre de réponses
Votre historique - résultats
Vous n’avez pas pris ce quiz